All Major US Sports Team Abbreviations - Statistics

General Stats
  • This quiz has been taken 322 times
  • The average score is 103 of 124
Answer Stats
Team Answer % Correct
Atlanta Hawks ATL
97%
Boston Celtics BOS
96%
Chicago Bulls CHI
94%
Detroit Pistons DET
94%
Houston Rockets HOU
94%
Indiana Pacers IND
94%
Cleveland Cavaliers CLE
93%
Dallas Mavericks DAL
93%
Denver Nuggets DEN
93%
Los Angeles Clippers LAC
93%
Los Angeles Lakers LAL
93%
Memphis Grizzlies MEM
93%
Miami Heat MIA
93%
Milwaukee Bucks MIL
93%
Minnesota Timberwolves MIN
93%
Charlotte Hornets CHA
92%
Golden State Warriors GSW
92%
New York Knicks NYK
92%
Orlando Magic ORL
92%
Philadelphia 76ers PHI
92%
Sacramento Kings SAC
92%
Toronto Raptors TOR
92%
Washington Wizards WAS
92%
Portland Trail Blazers POR
91%
Boston Bruins BOS
90%
Buffalo Sabres BUF
90%
Carolina Hurricanes CAR
90%
New Orleans Pelicans NOP
90%
Oklahoma City Thunder OKC
90%
San Antonio Spurs SAS
90%
Utah Jazz UTA
90%
Anaheim Ducks ANA
89%
Arizona Coyotes ARI
88%
Chicago Blackhawks CHI
88%
Colorado Avalanche COL
88%
Dallas Stars DAL
88%
Detroit Red Wings DET
88%
Edmonton Oilers EDM
88%
Phoenix Suns PHX
88%
Buffalo Bills BUF
86%
Los Angeles Kings LAK
86%
Minnesota Wild MIN
86%
New Jersey Devils NJD
86%
New York Islands NYI
86%
New York Rangers NYR
86%
Atlanta Falcons ATL
85%
Baltimore Ravens BAL
85%
Carolina Panthers CAR
85%
Chicago Bears CHI
85%
Cincinnati Bengals CIN
85%
Cleveland Browns CLE
85%
Dallas Cowboys DAL
85%
Denver Broncos DEN
85%
Detroit Lions DET
85%
Green Bay Packers GB
85%
Houston Texans HOU
85%
Indianapolis Colts IND
85%
Arizona Cardinals ARI
84%
Columbus Blue Jackets CBJ
84%
Kansas City Chiefs KC
84%
Los Angeles Chargers LAC
84%
Los Angeles Rams LAR
84%
Miami Dolphins MIA
84%
Minnesota Vikings MIN
84%
New England Patriots NE
84%
New Orleans Saints NO
84%
New York Giants NYG
84%
New York Jets NYJ
84%
Philadelphia Flyers PHI
84%
Pittsburgh Penguins PIT
84%
Seattle Kraken SEA
84%
San Jose Sharks SJS
84%
Tampa Bay Lightning TBL
84%
Las Vegas Raiders LV
83%
Ottawa Senators OTT
83%
Philadelphia Eagles PHI
83%
Pittsburgh Steelers PIT
83%
Seattle Seahawks SEA
83%
San Francisco 49ers SF
83%
St. Louis Blues STL
83%
Toronto Maple Leafs TOR
83%
Vancouver Canucks VAN
83%
Vegas Golden Knights VGK
83%
Tennessee Titans TEN
82%
Washington Commanders WAS
82%
Tampa Bay Buccaneers TB
81%
Atlanta Braves ATL
79%
Brooklyn Nets BKN
79%
Arizona Diamondbacks ARI
78%
Baltimore Orioles BAL
78%
Boston Red Sox BOS
78%
Cincinnati Reds CIN
77%
Cleveland Guardians CLE
77%
Colorado Rockies COL
77%
Detroit Tigers DET
76%
Houston Astros HOU
76%
Chicago White Sox CWS
75%
Kansas City Royals KC
75%
Los Angeles Dodgers LAD
75%
Miami Marlins MIA
75%
Milwaukee Brewers MIL
75%
Los Angeles Angels LAA
74%
Minnesota Twins MIN
74%
New York Mets NYM
74%
New York Yankees NYY
74%
Oakland Athletics OAK
73%
Philadelphia Phillies PHI
73%
Pittsburgh Pirates PIT
73%
San Diego Padres SD
73%
Seattle Mariners SEA
73%
San Francisco Giants SF
73%
Chicago Cubs CHC
72%
Tampa Bay Rays TB
72%
Florida Panthers FLA
71%
St. Louis Cardinals STL
71%
Texas Rangers TEX
71%
Toronto Blue Jays TOR
71%
Montreal Canadiens MTL
69%
Calgary Flames CGY
68%
Winnipeg Jets WPG
65%
Nashville Predators NSH
63%
Washington Capitals WSH
59%
Jacksonville Jaguars JAX
54%
Washington Nationals WSH
53%
No matching quizzes found
Score Distribution
Percent of People with Each Score
Percentile by Number Answered
Your Score History
You have not taken this quiz